Montreal Canadiens 2024-25 - Statistics

General Stats
  • This quiz has been taken 83 times
  • The average score is 18 of 23
Answer Stats
Numbers Answer % Correct
#13 Cole Caufield
96%
#14 Nick Suzuki
91%
#71 Jake Evans
89%
#40 Joel Armia
89%
#17 Josh Anderson
89%
#11 Brendan Gallagher
87%
#28 Christian Dvorak
87%
#77 Kirby Dach
87%
#8 Mike Matheson
83%
#15 Alex Newhook
81%
#21 Kaiden Guhle
80%
#48 Lane Hutson
80%
#58 David Savard
78%
#20 Juraj Slafkovsky
76%
#35 Sam Montembeault
74%
#30 Cayden Primeau
72%
#72 Arber Xhekaj
70%
#51 Emil Heineman
69%
#47 Jayden Struble
67%
#55 Michael Pezzetta
65%
#52 Justin Barron
57%
#91 Oliver Kapanen
57%
#24 Logan Mailloux
41%
No matching quizzes found
Score Distribution
Percent of People with Each Score
Percentile by Number Answered
Your Score History
You have not taken this quiz